|
|
|
|
| LEADER |
01459nam a2200373 a 4500 |
| 001 |
36628 |
| 003 |
BD-DhAAL |
| 005 |
20191119105612.0 |
| 008 |
191119t1997 bg a b 001 0 eng |
| 999 |
|
|
|c 41845
|d 41845
|
| 010 |
|
|
|a 97905774
|
| 020 |
|
|
|a 9840513826
|
| 025 |
|
|
|a B-E-97-905774; 23
|
| 035 |
|
|
|a (OCoLC)37993535
|
| 035 |
|
|
|a (NIC)notisARC6109
|
| 035 |
|
|
|a 3334761
|
| 040 |
|
|
|a DLC
|c DLC
|d BD-DhAAL
|
| 042 |
|
|
|a lcode
|
| 043 |
|
|
|a a-bg---
|
| 050 |
0 |
0 |
|a HD9866.B32
|b L37 1997
|
| 082 |
|
|
|a 338.4767895492
|
| 100 |
1 |
|
|a Latif, Muhammad Abdul.
|9 37337
|
| 245 |
1 |
0 |
|a Handloom industry of Bangladesh, 1947-90 /
|c Muhammad Abdul Latif.
|
| 260 |
|
|
|a Dhaka, Bangladesh :
|b University Press Ltd.,
|c 1997.
|
| 300 |
|
|
|a xxiii, 216 pages :
|b illustrations ;
|c 22 cm.
|
| 500 |
|
|
|a Revision of the author's thesis (Ph. D.--Jawaharlal Nehru University, 1986).
|
| 504 |
|
|
|a Includes bibliographical references (pages [199]-206) and index.
|
| 526 |
|
|
|a ESS
|
| 541 |
|
|
|a Complimentary copy from Professor Dr. Nasreen Khundker.
|e 36628
|
| 650 |
|
0 |
|a Handloom industry
|z Bangladesh
|x History
|y 20th century.
|9 37338
|
| 650 |
|
7 |
|a Handloom industry
|z Bangladesh
|9 37339
|
| 852 |
|
|
|a Ayesha Abed Library
|c General Stacks
|
| 942 |
|
|
|2 ddc
|c BK
|
| 952 |
|
|
|0 0
|1 0
|2 ddc
|4 0
|6 338_476789549200000_LAT
|7 0
|9 67192
|a BRACUL
|b BRACUL
|c GEN
|d 2019-11-19
|e Complimentary copy from Professor Dr. Nasreen Khundker.
|l 0
|o 338.4767895492 LAT
|p 3010036628
|r 2019-11-19
|t 1
|w 2019-11-19
|y BK
|